000 00609nam a22002297a 4500
001 87657
003 UA-OsUOA
005 20211109224002.0
007 ta
008 20120920b un ||||| |||| 00| 0 ukr d
040 _aUA-OsUOA
_brus
_cUA-OsUOA
_dUA-OsUOA
041 _arus
080 _a94(47+571)
090 _a94(47+571)
_bД28
245 _aДекреты Советской власти
260 _aМ.
_bПолитиздат
_c1968
300 _a730 с.
505 _gт. 4
_t10 ноября 1918 г. - 31 марта 1919 г.
650 7 _a94 Історія
_2UDC
942 _cBK
_2udc
955 _a1
999 _c373999
_d373999